[Event "Adelboden Swiss Alpine op"]
[Site "Adelboden"]
[Date "2023.11.26"]
[Round "4"]
[White "Navarini, Vincent"]
[Black "Cervelli, Eduard"]
[Result "0-1"]
[WhiteElo "1537"]
[BlackElo "1753"]
[PlyCount "48"]
[EventDate "2023.11.24"]
[EventType "swiss"]
[EventRounds "5"]
[EventCountry "SUI"]
[SourceTitle "CB50_2023"]
[SourceDate "2023.12.13"]
[SourceVersion "1"]
[SourceVersionDate "2023.12.13"]
[SourceQuality "1"]

1. d4 Nf6 2. c4 g6 3. Nc3 Bg7 4. e4 d6 5. Be2 0-0 6. Bg5 c5 7. d5 Na6 8. Qd2 Nc7 9. f3 a6 10. g4 Rb8 11. a4 Bd7 12. a5 b5 13. axb6 Rxb6 14. h4 Qb8 15. Rb1 e6 16. h5 exd5 17. exd5 Re8 18. Kf2 Rb3 19. hxg6 fxg6 20. Bh6 Nxg4+ 21. fxg4 Bxc3 22. bxc3 Rxb1 23. Bg7 Rxe2+ 24. Nxe2 Rxh1 0-1

[Event "Adelboden Swiss Alpine op"]
[Site "Adelboden"]
[Date "2023.11.25"]
[Round "3"]
[White "Klein, Frank"]
[Black "Navarini, Vincent"]
[Result "1/2-1/2"]
[WhiteElo "1839"]
[BlackElo "1537"]
[PlyCount "54"]
[EventDate "2023.11.24"]
[EventType "swiss"]
[EventRounds "5"]
[EventCountry "SUI"]
[SourceTitle "CB50_2023"]
[SourceDate "2023.12.13"]
[SourceVersion "1"]
[SourceVersionDate "2023.12.13"]
[SourceQuality "1"]

1. Nf3 Nf6 2. g3 g6 3. Bg2 d5 4. 0-0 Bg7 5. d3 0-0 6. Nbd2 b6 7. c4 Bb7 8. Rb1 Re8 9. b4 Nbd7 10. Bb2 c5 11. cxd5 Bxd5 12. a3 Rc8 13. e4 Bb7 14. b5 Nf8 15. Qe2 Ne6 16. Nc4 Nd4 17. Nxd4 cxd4 18. f4 Nd7 19. Rbe1 Nc5 20. Bh3 e6 21. Bg2 e5 22. f5 Na4 23. Qc2 Nc5 24. Bc1 Qc7 25. Bd2 Nxd3 26. Qxd3 Qxc4 27. Qf3 Qa2 1/2-1/2

[Event "Adelboden Swiss Alpine op"]
[Site "Adelboden"]
[Date "2023.11.25"]
[Round "2"]
[White "Navarini, Vincent"]
[Black "Adnin, Rafa Azkario"]
[Result "1-0"]
[WhiteElo "1537"]
[BlackElo "1374"]
[PlyCount "147"]
[EventDate "2023.11.24"]
[EventType "swiss"]
[EventRounds "5"]
[EventCountry "SUI"]
[SourceTitle "CB50_2023"]
[SourceDate "2023.12.13"]
[SourceVersion "1"]
[SourceVersionDate "2023.12.13"]
[SourceQuality "1"]

1. d4 d5 2. c4 e6 3. Nc3 Nf6 4. cxd5 exd5 5. Bg5 Be7 6. e3 0-0 7. Bd3 Be6 8. Qc2 g6 9. Nge2 Nc6 10. a3 a6 11. Nf4 Qd6 12. h4 h5 13. Bh6 Rfe8 14. Bxg6 Ng4 15. Bh7+ Kh8 16. Ng6+ fxg6 17. Qxg6 Bf6 18. Qxh5 Re7 19. Bg6 Nxh6 20. Qxh6+ Kg8 21. Bd3 Rf8 22. 0-0-0 Rg7 23. Rdg1 Na5 24. Qh5 Nc4 25. g4 Qb6 26. Bxc4 dxc4 27. g5 Be7 28. Ne4 Bd5 29. Nf6+ Bxf6 30. gxf6 Qxf6 31. Qxd5+ Rff7 32. Rxg7+ Qxg7 33. Qxc4 Qg2 34. Rf1 b5 35. Qe2 Rf6 36. Kd2 Rc6 37. Qe1 Kf8 38. Qe2 Qe4 39. Qd3 Qf3 40. d5 Rd6 41. e4 Qf4+ 42. Qe3 Qe5 43. Kc2 c6 44. Rd1 cxd5 45. Rxd5 Rc6+ 46. Kb1 Qg7 47. Qf4+ Ke7 48. Qg5+ Qf6 49. Qxf6+ Rxf6 50. Rf5 Re6 51. f3 Rh6 52. h5 Rd6 53. Kc2 Kd7 54. Rd5 Rxd5 55. exd5 Kd6 56. h6 Kxd5 57. h7 Kc4 58. b3+ Kc5 59. h8Q a5 60. Qe5+ Kc6 61. a4 b4 62. Qxa5 Kd6 63. Qb5 Ke6 64. Qc5 Kf6 65. Qd5 Ke7 66. Qc6 Kf7 67. Qd6 Kg7 68. Qe6 Kh8 69. Qe7 Kg8 70. Kd3 Kh8 71. Ke4 Kg8 72. Kf5 Kh8 73. Kg6 Kg8 74. Qg7# 1-0

[Event "SUI-ch U12"]
[Site "Biel"]
[Date "2022.07.19"]
[Round "4"]
[White "Ingielewicz, Tomasz"]
[Black "Navarini, Vincent"]
[Result "1/2-1/2"]
[WhiteElo "1684"]
[BlackElo "1483"]
[PlyCount "62"]
[EventDate "2022.07.18"]
[EventType "swiss"]
[EventRounds "7"]
[EventCountry "SUI"]
[SourceTitle "EXT 2023"]
[Source "ChessBase"]
[SourceDate "2022.10.05"]
[SourceVersion "1"]
[SourceVersionDate "2022.10.05"]
[SourceQuality "1"]

1. d4 d5 2. c4 e6 3. Nc3 Nf6 4. cxd5 exd5 5. Bg5 Be7 6. e3 c6 7. Bd3 0-0 8. Qc2 Nbd7 9. Nge2 Re8 10. 0-0 Nf8 11. a3 Be6 12. Rfc1 Rc8 13. b4 Ng6 14. Nf4 Nxf4 15. Bxf4 Bd6 16. Ne2 h6 17. Bxd6 Qxd6 18. Nf4 Bd7 19. Qc5 Qxc5 20. bxc5 Rb8 21. Bc2 b5 22. Nd3 Ne4 23. Ne5 Rb7 24. Bxe4 dxe4 25. Nxd7 Rxd7 26. Rd1 a5 27. Rdb1 Rb8 28. Rb2 f5 29. g3 Kf7 30. Kf1 Ke6 31. Ke2 g5 1/2-1/2